banner koha

A utilizacao da serragem de madeira de eucalipto na producao de polpa celulosica (Registro n. 268272)

MARC details
000 -LÍDER
campo de controle de tamanho fixo 00943nac a22003017a 4500
001 - NÚMERO DE CONTROLE
campo de controle BR7803737
003 - IDENTIFICADOR DO NÚMERO DE CONTROLE
campo de controle BR-BrBNA
005 - DATA E HORÁRIO DA ÚLTIMA TRANSAÇÃO
campo de controle 20240105114242.0
008 - CAMPO DE DADOS FIXOS--INFORMAÇÃO GERAL
campo de controle de tamanho fixo 230509b bl.|||m| |||| 00| 0 por d
040 ## - FONTE DA CATALOGAÇÃO
Instituição da catalogação original BR-BrBNA
Idioma da catalogação por
Instituição que transcreveu o registro Biblioteca Nacional de Agricultura
072 ## - CÓDIGO DE CATEGORIA DE ASSUNTO
Código de Categoria de Assunto K50
090 ## - NÚMERO DE CHAMADA LOCAL
Número de chamada 8914 BR7803737
100 1# - ENTRADA PRINCIPAL--NOME PESSOAL
Nome pessoal Foelkel, C.E.B.
100 1# - ENTRADA PRINCIPAL--NOME PESSOAL
Nome pessoal Couto, L.C.
100 1# - ENTRADA PRINCIPAL--NOME PESSOAL
Nome pessoal Kato, J.
110 1# - ENTRADA PRINCIPAL--NOME CORPORATIVO
Nome corporativo ou nome da jurisdição Celulose Nipo-Brasileira S.A., Belo Oriente, MG
9 (RLIN) 1354
245 1# - TÍTULO
Título A utilizacao da serragem de madeira de eucalipto na producao de polpa celulosica
260 3# - PUBLICAÇÃO, DISTRIBUIÇÃO, ETC.
Local de publicação, distribuição, etc. Belo Oriente, MG (Brasil):
Data da publicação, distribuição, etc. 1978.
300 ## - DESCRIÇÃO FÍSICA
Extensão 21 p.
490 ## - TÍTULO DA SÉRIE
Título da série CENIBRA Pesquisa. Serie Perdas, Poluicao, Sub-produtos (Brazil)
Número do volume ou designação sequencial da série no. 89
ISSN - International Standard Serial Number
500 ## - NOTA GERAL
Nota geral 12 tables; Summary (En)
650 ## - ASSUNTO--TERMO TÓPICO
Cabeçalho tópico ou nome geográfico Industria florestal
650 ## - ASSUNTO--TERMO TÓPICO
Cabeçalho tópico ou nome geográfico Serragem
650 ## - ASSUNTO--TERMO TÓPICO
Cabeçalho tópico ou nome geográfico Polpa
650 ## - ASSUNTO--TERMO TÓPICO
Cabeçalho tópico ou nome geográfico Eucalipto
909 ## -
-- 202312
-- Lúcia Elande
-- 55
-- Lúcia Elande
942 ## - ELEMENTOS DE ENTRADA ADICIONADOS (KOHA)
Fonte da classificação ou esquema de arquivamento na estante Classificação AGRIS
Ocultar no OPAC Não
Tipo de material Koha Monografia Seriada
Exemplares
Situação do descarte Fonte da classificação ou esquema de arquivamento na estante Situação física Não pode ser emprestado Coleção Biblioteca de origem Biblioteca atual Localização na estante Total de empréstimos Número de telefone completo Código de barras Data de último acesso Tipo de material Koha Fonte de aquisição
  Classificação AGRIS       Biblioteca Nacional de Agricultura - Binagri Biblioteca Nacional de Agricultura - Binagri Agrobase - Acervo Geral   8914 BR7803737 8914 BR7803737 18/12/2023 Monografia Seriada Portaria Interministerial nº 164/94

BINAGRI

Telefone: (61)3218-2567/2388/3357/2097 - binagri@agro.gov.br

Ministério da Agricultura e Pecuária , Esplanada dos Ministérios, Bloco D, Anexo B, Brasília/DF, CEP: 70.043-900